书目信息 |
| 题名: |
大学英语新六级翻译、写作周计划
|
|
| 作者: | ;大学英语四六级考试命题研究组 编著 | |
| 分册: | ||
| 出版信息: | 北京 机械工业出版社 2016.09 |
|
| 页数: | 302页 | |
| 开本: | 21cm | |
| 丛书名: | ||
| 单 册: | ||
| 中图分类: | H315.9 | |
| 科图分类: | ||
| 主题词: | 英语--翻译--自学参考资料 , 英语--写作--自学参考资料 | |
| 电子资源: | ||
| ISBN: | 978-7-111-54801-0 | |
| 000 | 01032nam0 2200265 450 | |
| 001 | 0100003962 | |
| 005 | 20161010130715.3 | |
| 010 | @a978-7-111-54801-0@dCNY21.80 | |
| 100 | @a20161009d2016 em y0chiy50 ea | |
| 101 | 0 | @achi@aeng |
| 102 | @aCN@b110000 | |
| 105 | @ay z 000yy | |
| 106 | @ar | |
| 200 | 1 | @a大学英语新六级翻译、写作周计划@Ada xue ying yu xin liu ji fan yi 、 xie zuo zhou ji hua@f大学英语四六级考试命题研究组编著 |
| 205 | @a8版 | |
| 210 | @a北京@c机械工业出版社@d2016.09 | |
| 215 | @a302页@d21cm | |
| 330 | @a本书是针对我国读者的英语学习特点开发的、以“周”为谋篇布局单位、以“日”为具体实施单元的极具特色的英语辅导用书,具有思维创新、规划科学、目标明确、讲练结合、直击实战等特点。 | |
| 333 | @a参加大学英语六级考试的考生 | |
| 606 | 0 | @a英语@x翻译@j自学参考资料 |
| 606 | 0 | @a英语@x写作@j自学参考资料 |
| 690 | @aH315.9@v5 | |
| 711 | 02 | @a大学英语四六级考试命题研究组@Ada xue ying yu si liu ji kao shi ming ti yan jiu zu@4编著 |
| 801 | 0 | @aCN@c201701015 |
| 905 | @a河南城建学院图书馆@dH315.9@eD088=8 | |
| 大学英语新六级翻译、写作周计划/大学英语四六级考试命题研究组编著.-8版.-北京:机械工业出版社,2016.09 |
| 302页;21cm |
| 使用对象:参加大学英语六级考试的考生 |
| ISBN 978-7-111-54801-0:CNY21.80 |
| 本书是针对我国读者的英语学习特点开发的、以“周”为谋篇布局单位、以“日”为具体实施单元的极具特色的英语辅导用书,具有思维创新、规划科学、目标明确、讲练结合、直击实战等特点。 |
| ● |
| 相关链接 |
|
|
|
正题名:大学英语新六级翻译、写作周计划
索取号:H315.9/D088=8
 
预约/预借
| 序号 | 登录号 | 条形码 | 馆藏地/架位号 | 状态 | 备注 |
| 1 | 1362756 | 213627565 | 语言库209/209语言库 9排1列3层/ [索取号:H315.9/D088=8] | 在馆 | |
| 2 | 1362757 | 213627574 | 语言库209/209语言库 9排1列3层/ [索取号:H315.9/D088=8] | 在馆 |